000 00978nam a2200265 a 4500
001 BRCA_8630
005 20190320210342.0
008 220916s1725----it-#######---#000-0#lat-#
041 _alat
044 _ait
050 4 _aBX1970
_b.A23
_c1725
100 1 _aAbbatem, D. Marium Boeri
_921550
245 1 0 _aSacrorvm romani sub sanctissimo domino nostro Papa Benedicto XIII ac tridentini conciliorvm syntagma alphabetico duplici ordine ad maiorem utentium commoditatem
_cD. Marium Boeri Abbatem.
260 _aRomani
_b[s.i.]
_c1725
300 _a582 p.
_c27 cm
500 _aFondo antiguo
500 _aSe encuentra en Caja Fuerte
500 _a12-35
500 _aTexto manuscrito
500 _aNota de encuadernación: piel con cartón escudo, ornamentos y cantos dorados
506 0 _aFondo reservado: para su consulta es necesario credencial de usuario y carta de motivos
650 1 4 _aIglesia católica
_eLiturgia
_vtextos
_921551
902 _aLAR
942 _2lcc
_cB
999 _c8290
_d8290